000 00313nam a22001457a 4500
008 210607b ||||| |||| 00| 0 eng d
020 _a9780534361211
041 _aeng
080 _24th
_a510
082 _a510
100 _a38
101 _aMAT
245 _aCollege Mathematics
_cS. T. Tan
942 _2udc
_cBK
999 _c58023
_d58023